000 00751cam a22002537a 4500
999 _c330601
_d330601
001 14898463
003 NUST
005 20170725103122.0
008 070621s2007 pk 000 0 urd
010 _a 2007377738
020 _a9694962676
025 _aP-U-2007377738; 10; 11
040 _aDLC
_cDLC
_dDLC
042 _alcode
050 0 0 _aMLCMA 2007/01221 (P)
082 _a891.4391
_bFAR
100 1 _aFarāz, Aḥmad,
_d1931-2008.
_92174
245 1 0 _aBey awaz gali kochon mein /
_cAḥmad Farāz.
260 _aKarāchī :
_bDost Pablīkeshanz,
_c2006.
300 _a208 p. ;
_c23 cm.
500 _aPoems.
546 _aIn Urdu.
650 _aUrdu Literature
_vPoems
_93565
880 _6100-01\(3\r
_aاحمد فراز
880 _6245-02\(3\r
_aبے آواز گلی کوچوں میں
_cاحمد فراز
880 _6260-03\(3\r
_aکراچی:
_bدوست پبلی کیشنز،
_c2006
906 _a7
_bcbc
_corigode
_d4
_encip
_f20
_gy-gencatlg
942 _2ddc
_cBK